000 01085cam a2200373 i 4500
001 00465
003 DO-SdBNP
005 20221103120317.0
007 00465
008 100514s 2006 sp a 000 f spa
015 _a
017 _a
_b
020 _a9788426135674
035 _a
040 _aBPMSU
_bspa
_cBPMSU
_e
080 _a
082 4 _a828.9943
_bS425i 2006
_222
100 1 _aScott, Walter
_d1771-1832
245 1 0 _aIvanhoe /
_cWalter Scott ; ilustración Adrien Marien Marie...[et. al] ; traducción José Fernández Zeta
260 _aBarcelona :
_bJuventud,
_c2006
300 _a347 p.:
_bil. ;
_c24 cm
490 _aJuventud
500 _a
521 _aPara jóvenes a partir de los 10 años.
590 _6Inventariado, 2022/VM
650 _a Novela escocesa.
651 4 _aEscocia
_xHistoria
_v Novela.
700 1 _aFernández Zeta, José
_e tr.
700 1 _aMarien Marie, Adrien
_e il.
910 _aVMateo V./Validado
942 _2ddc
_cBK
945 _aInventariado extranjero / 2018 VM
956 _aVMATEO
_810
_c20160708
_2BPMSU
_300069
999 _c10784
_d10784